logo

Bir Sreshtho Munshi Abdur Rouf Library
Jhenaidah Cadet College

12 rules for life : (Record no. 12722)

MARC details
000 -LEADER
fixed length control field 03588nam a2200421 a 4500
001 - CONTROL NUMBER
control field 12722
003 - CONTROL NUMBER IDENTIFIER
control field BD-JhCC
005 - DATE AND TIME OF LATEST TRANSACTION
control field 20230509083922.0
008 - FIXED-LENGTH DATA ELEMENTS--GENERAL INFORMATION
fixed length control field 23 t20182018onca b 001 0 eng d
020 ## - INTERNATIONAL STANDARD BOOK NUMBER
Canceled/invalid ISBN 9780141988511
035 ## - SYSTEM CONTROL NUMBER
System control number (BD-JhCC)12722
040 ## - CATALOGING SOURCE
Original cataloging agency YDX
Language of cataloging eng
Transcribing agency YDX
Description conventions rda
Modifying agency BDX
-- HQD
-- OCLCO
-- HBP
-- FMB
-- IEP
-- OQX
-- FM0
-- ZAC
-- IGA
-- PRSPR
-- KYC
-- UAB
-- IUK
-- XYZ
-- PFLCL
-- WLU
-- CELIN
-- LIV
-- CGP
-- YDX
-- JAG
-- TSC
-- TJZ
-- JP7
-- HHO
-- ISX
-- JAH
-- OD9
-- OCP
-- GK8
-- OCLCQ
-- OJ3
-- JOY
-- ALD
-- MSO
-- LLCLS
-- DLC
-- BD-JhCC
055 #0 - CLASSIFICATION NUMBERS ASSIGNED IN CANADA
Classification number BJ1589
Item number P48 2018
082 04 - DEWEY DECIMAL CLASSIFICATION NUMBER
Classification number 170/.44
Edition number 23
Item number PET 2018
100 1# - MAIN ENTRY--PERSONAL NAME
Personal name Peterson, Jordan B.,
Relator term author.
245 10 - TITLE STATEMENT
Title 12 rules for life :
Remainder of title an antidote to chaos /
Statement of responsibility, etc. Jordan B. Peterson ; foreword by Norman Doidge ; illustrations by Ethan Van Sciver.
246 3# - VARYING FORM OF TITLE
Title proper/short title Twelve rules for life :
Remainder of title an antidote to chaos /
264 #1 - PRODUCTION, PUBLICATION, DISTRIBUTION, MANUFACTURE, AND COPYRIGHT NOTICE
Place of production, publication, distribution, manufacture Toronto :
Name of producer, publisher, distributor, manufacturer Pengine Books,
Date of production, publication, distribution, manufacture, or copyright notice [2018]
264 #4 - PRODUCTION, PUBLICATION, DISTRIBUTION, MANUFACTURE, AND COPYRIGHT NOTICE
Date of production, publication, distribution, manufacture, or copyright notice ©2018
300 ## - PHYSICAL DESCRIPTION
Extent xxxv, 409 pages :
Other physical details illustrations ;
Dimensions 24 cm
336 ## - CONTENT TYPE
Content type term text
Content type code txt
Source rdacontent
337 ## - MEDIA TYPE
Media type term unmediated
Media type code n
Source rdamedia
338 ## - CARRIER TYPE
Carrier type term volume
Carrier type code nc
Source rdacarrier
500 ## - GENERAL NOTE
General note "Issued in print and electronic formats"--Title page verso.
504 ## - BIBLIOGRAPHY, ETC. NOTE
Bibliography, etc. note Includes bibliographical references (pages 371-389) and index.
505 0# - FORMATTED CONTENTS NOTE
Formatted contents note Stand up straight with your shoulders back -- Treat yourself like someone you are responsible for helping -- Make friends with people who want the best for you -- Compare yourself to who you were yesterday, not to who someone else is today -- Do not let your children do anything that makes you dislike them -- Set your house in perfect order before you criticize the world -- Pursue what is meaningful (not what is expedient) -- Tell the truth--or, at least, don't lie -- Assume that the person you are listening to might know something you don't -- Be precise in your speech -- Do not bother children when they are skateboarding -- Pet a cat when you encounter one on the street.
520 ## - SUMMARY, ETC.
Summary, etc. "What does everyone in the modern world need to know? Renowned psychologist Jordan B. Peterson's answer to this most difficult of questions uniquely combines the hard-won truths of ancient tradition with the stunning revelations of cutting-edge scientific research. Humorous, surprising and informative, Dr. Peterson tells us why skateboarding boys and girls must be left alone, what terrible fate awaits those who criticize too easily, and why you should always pet a cat when you meet one on the street. What does the nervous system of the lowly lobster have to tell us about standing up straight (with our shoulders back) and about success in life? Why did ancient Egyptians worship the capacity to pay careful attention as the highest of gods? What dreadful paths do people tread when they become resentful, arrogant and vengeful? Dr. Peterson journeys broadly, discussing discipline, freedom, adventure and responsibility, distilling the world's wisdom into 12 practical and profound rules for life. [This book] shatters the modern commonplaces of science, faith and human nature, while transforming and ennobling the mind and spirit of its readers."--
Assigning source Provided by publisher.
650 #0 - SUBJECT ADDED ENTRY--TOPICAL TERM
Topical term or geographic name entry element Conduct of life
General subdivision Philosophy.
650 #1 - SUBJECT ADDED ENTRY--TOPICAL TERM
Topical term or geographic name entry element Conduct of life
General subdivision Philosophy.
650 #4 - SUBJECT ADDED ENTRY--TOPICAL TERM
Topical term or geographic name entry element Conduct of life.
650 #7 - SUBJECT ADDED ENTRY--TOPICAL TERM
Topical term or geographic name entry element PHILOSOPHY
General subdivision Social.
Source of heading or term bisacsh
650 #7 - SUBJECT ADDED ENTRY--TOPICAL TERM
Topical term or geographic name entry element PSYCHOLOGY
General subdivision Applied Psychology.
Source of heading or term bisacsh
650 #7 - SUBJECT ADDED ENTRY--TOPICAL TERM
Topical term or geographic name entry element SELF-HELP
General subdivision Personal Growth.
Source of heading or term bisacsh
700 1# - ADDED ENTRY--PERSONAL NAME
Personal name Doidge, Norman,
Relator term writer of foreword.
700 1# - ADDED ENTRY--PERSONAL NAME
Personal name Van Sciver, Ethan,
Relator term illustrator.
776 1# - ADDITIONAL PHYSICAL FORM ENTRY
Main entry heading Peterson, Jordan B.
Title 12 rules for life.
Record control number (CaOONL)20179051075
942 ## - ADDED ENTRY ELEMENTS (KOHA)
Source of classification or shelving scheme Dewey Decimal Classification
Koha item type Books
Holdings
Withdrawn status Lost status Source of classification or shelving scheme Damaged status Not for loan Home library Current library Shelving location Date acquired Cost, normal purchase price Total Checkouts Full call number Barcode Date last seen Copy number Price effective from Koha item type
    Dewey Decimal Classification     JCC Rouf Library JCC Rouf Library General Stacks 05/09/2023 600.00   170/.44 PET 2018 17694 05/09/2023 C-1 05/09/2023 Books

JCC Library | Contacts | JCC Home

Last Update on 23 September 2017
Copyright @ 2017-2020 JCC Rouf Library
Rouf Library, Jhenidah Cadet College (JCC), Bangladesh